| 000 | 00948nam a22003017a 4500 | ||
|---|---|---|---|
| 001 | 200461789 | ||
| 003 | TR-AnTOB | ||
| 005 | 20250623152632.0 | ||
| 008 | 240712b tu ||||| |||| 00| 0 tur d | ||
| 020 | _a9786257782241 | ||
| 040 |
_aTR-AnTOB _beng _erda _cTR-AnTOB |
||
| 041 | _atur | ||
| 092 |
_a372.412 _bLİB 2022 |
||
| 100 | 1 |
_aLiberman, Judith Malika _9146355 |
|
| 245 |
_aTaş çorbası / _cJudith Malika Liberman ; resimleyen : Zeynep Özatalay ; editör : Gökçe Ateş Aytuğ |
||
| 250 | _a5. bs. | ||
| 260 |
_aİstanbul : _bRedhouse Kids ; _c2022 |
||
| 300 |
_a40 Pages. : _bill. ; _c26 cm. |
||
| 336 |
_atext _btxt _2rdacontent |
||
| 337 |
_aunmediated _bn _2rdamedia |
||
| 338 |
_avolume _bnc _2rdacarrier |
||
| 653 | _acocuk edebiyatı | ||
| 700 | 1 |
_aÖzatalay, Zeynep, _d1978- _9144323 |
|
| 700 | 1 |
_aAytuğ, Gökçe Ateş, _d1980- _9139826 |
|
| 942 |
_2ddc _cBK |
||
| 999 |
_c200461789 _d80001 |
||